Distributed operating systems: Concepts and practice
Guardat en:
| Autor principal: | |
|---|---|
| Format: | Llibre |
| Idioma: | Undetermined |
| Publicat: |
Upper Saddle River, NJ
Prentice Hall
2000
|
| Matèries: | |
| Etiquetes: |
Afegir etiqueta
Sense etiquetes, Sigues el primer a etiquetar aquest registre!
|
| Thư viện lưu trữ: | Trung tâm Học liệu Trường Đại học Cần Thơ |
|---|
| LEADER | 00556nam a2200193Ia 4500 | ||
|---|---|---|---|
| 001 | CTU_57328 | ||
| 008 | 210402s9999 xx 000 0 und d | ||
| 020 | |b 775000 | ||
| 082 | |a 005.4476 | ||
| 082 | |b G168 | ||
| 100 | |a Doreen L. Galli | ||
| 245 | 0 | |a Distributed operating systems: Concepts and practice | |
| 245 | 0 | |c Doreen L. Galli | |
| 260 | |a Upper Saddle River, NJ | ||
| 260 | |b Prentice Hall | ||
| 260 | |c 2000 | ||
| 650 | |a distributed operating systems ( computer ) | ||
| 904 | |i Minh | ||
| 980 | |a Trung tâm Học liệu Trường Đại học Cần Thơ | ||